000 00294nam a22001097a 4500
082 _a954.9355
_bGHQ
245 _aPakistan Army Green Book 2018/
_cGHQ, General Headquarters:
260 _aGHQ; General Headquarters:
_bRawalpindi,
_c2018.
300 _a190p. :
563 _aPB
942 _2ddc
_cREF
999 _c610530
_d610530